Statystyki dla Zgadnij co to za miejsce w Tychach.

Kliknij tutaj aby rozwiązać quiz!

Ogólne statystyki

  • Ten quiz został rozwiązany 13 razy
  • Średni wynik to 8 z 11

Statystyki odpowiedzi

Odpowiedź% Poprawnych
Aquapark
92%
Paprocany
92%
Brama słońca
85%
City point
77%
Gemini park
77%
Stadion zimowy
77%
Stare miasto
69%
Żyrafa
69%
Stadion piłkarski
54%
Park trampolin
46%
Dworzec PKP
38%

Rozkład punktacji

Percentyl według liczby udzielonych odpowiedzi

Procent ludzi z każdym wynikiem

Twoja historia wyników

Nie rozwiązałeś tego quizu